Statistics for Countries of Oceania by first two letters

Click here to take the quiz!

General Stats

  • This quiz has been taken 263 times
  • The average score is 10 of 14

Answers on the Map

Answers color-coded by a green-red scale on the quiz's map according to % correct below.
 

Answer Stats

Country% Correct
Australia
96%
Palau
94%
Papua New Guinea
94%
Solomon Islands
83%
New Zealand
81%
Kiribati
72%
Micronesia
72%
Fiji
71%
Marshall Islands
69%
Vanuatu
68%
Nauru
65%
Tuvalu
62%
Tonga
60%
Samoa
59%

Score Distribution

Percentile by Number Answered

Percent of People with Each Score

Your Score History

You have not taken this quiz